Sathottari hindi kahani aur mahila lakhikayen/ (Record no. 40813)

000 -LEADER
fixed length control field 00379nam a22001451a 4500
082 ## - DEWEY DECIMAL CLASSIFICATION NUMBER
Classification number H301 009
Item number VIJ/S
100 ## - MAIN ENTRY--AUTHOR NAME
Personal name Vijaya Varadh
245 ## - TITLE STATEMENT
Title Sathottari hindi kahani aur mahila lakhikayen/
Statement of responsibility, etc by Vijaya Varadh
260 ## - PUBLICATION, DISTRIBUTION, ETC. (IMPRINT)
Place of publication Kanpur:
Name of publisher Vikas,
Year of publication 1993.
300 ## - PHYSICAL DESCRIPTION
Number of Pages 214p.
650 ## - SUBJECT ADDED ENTRY--TOPICAL TERM
Topical Term Stories criticism Hindi
650 ## - SUBJECT ADDED ENTRY--TOPICAL TERM
Topical Term Literature Hindi
650 ## - SUBJECT ADDED ENTRY--TOPICAL TERM
Topical Term Literature
942 ## - ADDED ENTRY ELEMENTS (KOHA)
Koha item type Book
Holdings
Withdrawn status Lost status Damaged status Not for loan Permanent Location Current Location Date acquired Cost, normal purchase price Full call number Accession Number Cost, replacement price Price effective from Koha item type
Write off     1 Sree Sankaracharya University of Sanskrit Sree Sankaracharya University of Sanskrit 08.01.2015 140.00 H301 009 VAR/SAT N93 039084 0.00 08.01.2015 Book